| 000 | 00545nam a22001937a 4500 | ||
|---|---|---|---|
| 005 | 20251108165024.0 | ||
| 008 | 250721s2007 xx 000 0 ara d | ||
| 082 | 1 | 4 | _a128.2/سير |
| 100 | 1 | _aسيرل، جون | |
| 245 | 1 | 0 | _aالعقل : مدخل موجز / |
| 264 | 1 |
_aالكويت : _bالمجلس الوطني للثقافة، _c2007. |
|
| 300 | _a263ص. | ||
| 650 | 1 | 7 | _aالفلسفة |
| 650 | 1 | 7 | _aالعقل |
| 650 | 1 | 7 | _aعلم النفس |
| 700 | 1 |
_aمتياس، ميشيل _eمترجم |
|
| 942 |
_2ddc _cBK |
||
| 999 |
_c20150 _d20150 |
||